| 000 | 01183nam a22002417a 4500 | ||
|---|---|---|---|
| 001 | 5688 | ||
| 003 | FISKH | ||
| 005 | 20250114093729.0 | ||
| 008 | 250114b cb ||||| |||| 00| 0 eng d | ||
| 040 |
_aFISKH _beng _cFISKH _dFISKH |
||
| 050 | _aBF637.S8 | ||
| 082 | _a158 | ||
| 100 | _aCovey, Stephen R. | ||
| 245 |
_aThe seven habits of highly effective people : _bPowerful lessons in personal change / _cby Stephen R. Covey |
||
| 260 |
_aNew York : _bFree Press ; _c2004. |
||
| 300 |
_a218 pages : _billustrations ; _c30 cm . |
||
| 490 | _aThe 7 Habits of Highly Effective People | ||
| 520 | _aIn The 7 Habits of Highly Effective People, author Stephen R. Covey presents a holistic, integrated, principle-centered approach for solving personal and professional problems. With insights and anecdotes, Covey reveals a step-by-step pathway for living with fairness, integrity, service, and human dignity -- principles that give us the security to adapt to change and the wisdom and power to take advantage of the opportunities that change creates. | ||
| 650 |
_aself-improvement _vnon-fiction |
||
| 700 |
_aAbelli, Tiziana _etranslator |
||
| 942 |
_2ddc _cBK _n0 |
||
| 999 |
_c5688 _d5688 |
||